Snoopy sabe tudo sobre barcos (Registo nº 2116)

Detalhes MARC
000 -Etiqueta do registo
Cabeçalho 00946nam a22003131 4500
005 - Identificador da versão
Campo de controlo 20240813121925.0
095 ## -
-- PTBN00467279
010 ## - Número internacional normalizado dos livros (ISBN)
Número (ISBN) 9722500244
021 ## - Número do Depósito Legal
Código do país PT
Número 64699/93
100 ## - Dados gerais de processamento
Dados gerais de processamento 20040625d1993 d y0pory5003 ba
102 ## - Pais de publicação ou produção
País de publicação Portugal
101 1# - Língua de publicação
Língua do texto, banda sonora, etc. Português
Língua do documento no original Inglês
106 ## - Campo de dados codificados: material textual
Dados codificados do material textual r
105 ## - Campo de dados codificados: livros
Dados codificados dos livros a z 000ay
215 ## - Descrição física 
Indicação específica da natureza do documento e extensão da espécie [36] p.
Outras indicações físicas todo il.
Dimensões 17x17 cm
200 1# - Titulo e menção de responsabilidade
Título próprio Snoopy sabe tudo sobre barcos
Primeira menção de responsabilidade Charles M. Schulz
Outras menções de responsabilidade il. Terry Flanagan
-- trad. Sara Silva Dias
205 ## - Menção da edição
Menção da edição 2ª ed
210 ## - Publicação, Distribuição, etc. 
Lugar da edição, distribuição, etc. Venda Nova
Nome do editor, distribuidor, etc. Bertrand
Data da publicação, distribuição, etc. imp. 1993
304 ## - Notas relativas a título e menção de responsabilidade 
Texto da nota Tít. orig.: Snoopy's facts and fun about boats
606 ## - Nome comum usado como assunto
Número de registo de entrada de autoridade 0000001
Palavra de ordem Literatura estrangeira infantil
Subdivisão de assunto Conto
675 ## - Classificação Decimal Universal (CDU)
Notação 82-34
Edição
Língua da edição por
702 #1 - Nome de autor-pessoa física (responsabilidade secundária)
Número de registo de entrada de autoridade 0000864
Palavra de ordem Dias
Outra parte do nome não tomada para palavra de ordem Sara Silva
Código de função Tradutor
Número de registo de entrada de autoridade 0000865
Palavra de ordem Flanagan
Outra parte do nome não tomada para palavra de ordem Terry
Código de função Ilustrador / Técnico de desenho computorizado
700 #1 - Nome de autor-pessoa física (responsabilidade principal)
Número de registo de entrada de autoridade 0000863
Palavra de ordem Schulz
Outra parte do nome não tomada para palavra de ordem Charles
Datas 1922-2000
942 ## - Elementos de entrada adicionados (Koha)
Tipo de item no Koha Livro
Exemplares
Situação do levantamento Origin of item (home branch) (coded) Biblioteca de empréstimo Código de barras Cota Circulation type (not for loan) Tipo de documento Nota do exemplar Damaged status
  Biblioteca Escolar da Coca Maravilhas Biblioteca Escolar da Coca Maravilhas BECM6586/04 8EST SCH   Livro Sem mensagem